| 000 | 00942nam a22002537a 4500 | ||
|---|---|---|---|
| 005 | 20111128104158.0 | ||
| 008 | 111128t xxu||||| |||| 00| 0 eng d | ||
| 010 | _aENG-104209 | ||
| 020 |
_a9780415500814 _c695.00 |
||
| 035 | _aEN-87742 | ||
| 037 | _bDBAD/PUB | ||
| 040 |
_aDPL _bEng |
||
| 100 |
_936190 _aSethi, Manisha |
||
| 245 |
_aEscaping the world : _cby Manisha Sethi _bwomen renouncers among Jains / |
||
| 260 |
_aNew Delhi _bRoutledge _c2012 |
||
| 270 |
_a912 Tolstoy House, 15-17 Tolstoy Marg, Connaught Place _bNew Delhi _e110001 |
||
| 300 |
_axxvi,240p. _c22cm (Hb) _bill. _e1CD-ROM |
||
| 490 |
_aSouth Asian history and culture ; edited by David Washbrook...[et al] _936202 |
||
| 500 | _aIncludes bibliographical references and index | ||
| 700 | _936195 | ||
| 710 | _936196 | ||
| 942 |
_2ddc _cEN _mSET |
||
| 999 |
_c58728 _d58728 |
||